Una mirada al siglo XX : (Record no. 193363)
[ view plain ]
| 000 -LEADER | |
|---|---|
| campo de control de longitud fija | 01440nam a2200373 i 4500 |
| 001 - NÚMERO DE CONTROL | |
| campo de control | 193363 |
| 003 - IDENTIFICADOR DE NÚMERO DE CONTROL | |
| campo de control | ES-MaACL |
| 005 - FECHA Y HORA DE LA ÚLTIMA TRANSACCIÓN | |
| campo de control | 20251003185112.0 |
| 007 - CAMPO FIJO DE DESCRIPCIÓN FÍSICA--INFORMACIÓN GENERAL | |
| campo de control de longitud fija | ta |
| 008 - DATOS DE LONGITUD FIJA--INFORMACIÓN GENERAL | |
| campo de control de longitud fija | 231106s2013 sp | |||| 000 0 spa d |
| 017 ## - NÚMERO DE COPYRIGHT O DE DEPÓSITO LEGAL | |
| Número de copyright o de depósito legal | H 192-2013 |
| 020 ## - NÚMERO INTERNACIONAL ESTÁNDAR DEL LIBRO | |
| Número Internacional Estándar del Libro | 9788493849740 |
| 035 ## - NÚMERO DE CONTROL DEL SISTEMA | |
| Número de control de sistema | Rebiun02100860 |
| 040 ## - FUENTE DE CATALOGACIÓN | |
| Centro catalogador/agencia de origen | SpMaBN. |
| Lengua de catalogación | spa. |
| Centro/agencia transcriptor | SpMaBN. |
| Normas de descripción | rdc. |
| Centro/agencia modificador | BUS |
| 080 ## - NÚMERO DE LA CLASIFICACIÓN DECIMAL UNIVERSAL | |
| Número de la Clasificación Decimal Universal | 929 (100) "19" |
| 100 1# - ENTRADA PRINCIPAL--NOMBRE DE PERSONA | |
| Nombre de persona | Vaz de Cunha, Rui |
| 9 (RLIN) | 155035 |
| 245 14 - MENCIÓN DEL TÍTULO | |
| Título | Una mirada al siglo XX : |
| Resto del título | los memorables de Vázquez Díaz / |
| Mención de responsabilidad, etc. | Rui Vaz de Cunha |
| 260 ## - PUBLICACIÓN, DISTRIBUCIÓN, ETC. | |
| Lugar de publicación, distribución, etc. | Jabugo, Huelva : |
| Nombre del editor, distribuidor, etc. | Romero Libros, |
| Fecha de publicación, distribución, etc. | 2013 |
| 300 ## - DESCRIPCIÓN FÍSICA | |
| Extensión | 218 p ; |
| Dimensiones | 21 cm |
| 336 ## - TIPO DE CONTENIDO | |
| Fuente | rdacontent |
| Término de tipo de contenido | Texto |
| 337 ## - TIPO DE MEDIO | |
| Fuente | rdamedia |
| Nombre/término del tipo de medio | sin mediación |
| 338 ## - TIPO DE SOPORTE | |
| Fuente | rdacarrier |
| Nombre/término del tipo de soporte | volumen |
| 490 1# - MENCIÓN DE SERIE | |
| Mención de serie | Trazos y vidas ; |
| Designación de volumen o secuencia | 1 |
| 600 #0 - PUNTO DE ACCESO ADICIONAL DE MATERIA--NOMBRE DE PERSONA | |
| Nombre de persona | Vázquez Díaz, Daniel, |
| Fechas asociadas al nombre | 1882-1969 |
| 9 (RLIN) | 234516 |
| 650 07 - PUNTO DE ACCESO ADICIONAL DE MATERIA--TÉRMINO DE MATERIA | |
| Término de materia o nombre geográfico como elemento de entrada | Celebridades- |
| 9 (RLIN) | 143758 |
| Subdivisión general | Biografías |
| 655 #0 - TERMINO DE INDIZACIÓN--GENERO/FORMA | |
| Datos o término principal de género/forma | Biografías |
| 9 (RLIN) | 176647 |
| 830 ## - PUNTO DE ACCESO ADICIONAL DE SERIE-TÍTULO UNIFORME | |
| 9 (RLIN) | 225002 |
| Título uniforme | Trazos y vidas ; |
| Designación de volumen o secuencia | 1 |
| 852 ## - LOCALIZACIÓN | |
| Ubicación | Es-MaACL |
| Sublocalización o colección | R.150113 |
| itemnumber | 190505 |
| Número de control de estantería | A-13173 |
| Signatura antigua | Olim: N-6173 |
| Ubicación en estantería | Depósito 1 |
| Anotaciones manuscritas | Dedicatoria autógrafa de los autores |
| Donativo/Legado | Donación: Rui Vaz de Cunha |
| 852 ## - LOCALIZACIÓN | |
| Ubicación | ES-MaACL |
| itemnumber | 190505 |
| Sublocalización o colección | R.150113 |
| Número de control de estantería | A-13173 |
| Signatura antigua | Olim: N-6173 |
| Anotaciones manuscritas | Dedicatoria autógrafa de los autores |
| Donativo/Legado | Donacion: de los autores Ignacio Vazquez Molini y Jaime Alex Ruiz Baudrihaye |
| Ubicación en estantería | Depósito 1 |
| 903 ## - NOMBRE PERSONAL DE DONANTE | |
| 9 | 155035 |
| a | Vaz de Cunha, Rui |
| e | Donante |
| 942 ## - ELEMENTOS DE ENTRADA SECUNDARIOS (KOHA) | |
| Suprimir en OPAC | No |
| Tipo de ítem Koha | Libro impreso |
| Estatus retirado | Estado de pérdida | Fuente del sistema de clasificación o colocación | Estado de daño | No para préstamo | Colección | Biblioteca de origen | Biblioteca actual | Ubicación en estantería | Fecha de adquisición | Fuente de adquisición | Total de préstamos | Signatura topográfica completa | Código de barras | Visto por última vez | Precio de reemplazo | Tipo de ítem Koha | Nota pública |
|---|---|---|---|---|---|---|---|---|---|---|---|---|---|---|---|---|---|
| Clasificación decimal universal | Libros con dedicatorias | Biblioteca del Ateneo de Madrid | Biblioteca del Ateneo de Madrid | Depósito 1 | 21/07/2014 | Donación | A-13173 | 1192944 | 23/02/2023 | 23/02/2023 | Libro impreso | Dedicatoria autógrafas de los autores |
